[Event "Kragero Resort Chess A 2019"]
[Site "Kragero"]
[Date "2019.02.22"]
[Round "5.2"]
[White "Hammer, Jon Ludvig"]
[Black "Notkevich, Benjamin Arvola"]
[Result "0-1"]
[WhiteElo "2652"]
[BlackElo "2498"]
[Annotator "TA"]
[PlyCount "64"]
[EventDate "2019.02.20"]
[EventType "swiss"]
[EventCountry "NOR"]
[SourceTitle "playchess.com"]
[Source "ChessBase"]
[SourceQuality "1"]

{[%evp 17,64,1,19,14,16,5,6,-11,20,-43,-4,-12,-9,-4,-5,-15,0,-14,-10,-9,8,9,40,-195,-191,-193,-186,-188,-137,-425,-406,-415,-416,-414,-414,-421,-412,-417,-408,-396,-414,-449,-448,-566,-516,-563,-560,-708,-697]} 1. d4 Nf6 2. c4 g6 3. g3 c6 4. Bg2 d5 5. Nf3 Bg7 6. O-O O-O 7. Qa4 Nfd7 {D78: Fianchetto Grünfeld: 6 0-0 c6} 8. cxd5 Nb6 9. Qd1 cxd5 {LiveBook: 5 Games. The position is equal.} 10. b3 Nc6 11. Bb2 Bg4 $146 ({Predecessor:} 11... Bf5 12. h3 Qd7 {½-½ (37) Grachev,B (2667)-Khismatullin,D (2657) Dagomys 2010}) 12. Nbd2 Qd7 13. e3 (13. Ne5 $11 Nxe5 14. dxe5) 13... a5 14. Qe2 a4 15. Rfc1 Rfc8 (15... a3 $5 16. Bc3 $8 Rfc8 $11) 16. Qf1 Bf5 17. Nh4 Be6 18. Ndf3 h6 {[#] Threatens to win with ...g5.} 19. Ne1 Nb4 {White must now prevent ...Rxc1.} (19... g5 $5 20. Nhf3 $8 Bf5 $11) 20. Qe2 $2 (20. Bc3 $14 {stays ahead.} axb3 21. Bxb4 Rxc1 22. Rxc1 bxa2 23. Ra1) 20... Rxc1 $19 21. Rxc1 Nxa2 22. Rc5 axb3 (22... Bf6 $19 23. Nhf3 axb3) 23. Qb5 $2 {[%mdl 8192] [#]} (23. Rb5 $17 Nc4 24. Rxb3) 23... Na4 24. Qxb3 Nxc5 25. dxc5 Qa4 26. Qxb7 Bxb2 27. Qxb2 Qb4 28. Qxb4 Nxb4 29. Bf1 Ra1 {Black is clearly winning.} 30. Nhf3 Rc1 31. Kg2 Bf5 32. Be2 e5 {Precision: White = 46%, Black = 61%.} 0-1

[Event "Kragero Resort Chess A 2019"]
[Site "Kragero"]
[Date "2019.02.22"]
[Round "5.3"]
[White "Hasangatin, Ramil"]
[Black "Lie, Kjetil A."]
[Result "1/2-1/2"]
[WhiteElo "2485"]
[BlackElo "2538"]
[Annotator "TA"]
[PlyCount "60"]
[EventDate "2019.02.20"]
[EventType "swiss"]
[EventCountry "NOR"]
[SourceTitle "playchess.com"]
[Source "ChessBase"]
[SourceQuality "1"]

{[%evp 21,60,22,40,26,31,16,14,14,14,14,18,0,31,29,69,33,37,54,39,23,6,24,10,14,115,110,224,0,0,0,0,0,0,0,0,0,0,0,0,0,0]} 1. d4 Nf6 2. Nc3 g6 3. e4 d6 4. Nf3 Bg7 5. h3 c6 6. a4 O-O 7. Be3 Nbd7 {[%cal Bb8d7,Bd7c5,Bc5e6,Be6d4][%mdl 32]} 8. Be2 e5 9. dxe5 dxe5 10. Nd2 {[%cal Bf3d2,Bd2c4,Bc4d6][%mdl 32]} Qe7 11. Nc4 Ne8 12. Qd2 {B08: Pirc Defence: Classical System} (12. O-O Nc5 13. Nd6 Ne6 14. Nxc8 Rxc8 15. Bxa7 Rd8 16. Qc1 Nd6 17. Re1 f5 18. exf5 gxf5 19. Bf1 e4 {0-1 (68) Griffith,K (2319)-Zherebukh,Y (2642) New York 2017}) 12... Nc5 13. Nd6 Ne6 14. Nxc8 Rxc8 15. Bxa7 Rd8 16. Qc1 Nd4 17. Bd3 $146 {[%mdl 2048] Black is under pressure.} ({Predecessor:} 17. O-O Ra8 18. Bb6 Qb4 19. Bxd4 exd4 {0-1 (28) Uriarte Prieto,G (2000)-Comas Fabrego,L (2512) La Massana 2014}) 17... f5 18. a5 Nd6 {[#] Threatens to win with ...fxe4.} 19. Bc5 Qh4 {[%cal Rf5e4]} 20. O-O (20. Bxd6 {is interesting.} Rxd6 21. O-O Kh8 22. a6 bxa6 23. Rxa6 fxe4 24. Nxe4 Qxe4 25. Bxe4 Ne2+ 26. Kh2) 20... fxe4 21. Bxd6 $1 exd3 22. Bxf8 Rxf8 (22... d2 $1 $11 {keeps the balance.} 23. Qd1 Bxf8) 23. cxd3 $16 {aiming for a6.} Rf3 {[#]} (23... e4 $16 {is a better defense.}) 24. Qd1 $2 ({Stronger than} 24. gxf3 Qxh3 25. Qd1 Nxf3+ 26. Qxf3 Qxf3 $17) (24. Ra4 $1 $18 Rxd3 25. Re1) 24... Rxh3 $1 $11 {The position is equal.} 25. gxh3 Qxh3 26. f4 {Qd2 is the strong threat.} Qg3+ 27. Kh1 Qh3+ 28. Kg1 Qg3+ 29. Kh1 Qh3+ 30. Kg1 Qg3+ {Precision: White = 52%, Black = 48%.} 1/2-1/2

[Event "Kragero Resort Chess A 2019"]
[Site "Kragero"]
[Date "2019.02.22"]
[Round "5.4"]
[White "Vrolijk, Liam"]
[Black "Vestby-Ellingsen, Mads"]
[Result "1-0"]
[WhiteElo "2470"]
[BlackElo "2343"]
[Annotator "TA"]
[PlyCount "45"]
[EventDate "2019.02.20"]
[EventType "swiss"]
[EventCountry "NOR"]
[SourceTitle "playchess.com"]
[Source "ChessBase"]
[SourceQuality "1"]

{[%evp 9,45,37,31,22,27,31,35,24,76,54,61,61,68,59,82,73,68,2,1,8,15,24,16,27,99,92,105,94,775,767,1063,1050,1061,1054,1041,1043,1141,1033]} 1. Nf3 c5 2. e4 e6 3. d4 cxd4 4. Nxd4 Nc6 5. Nc3 Qc7 6. Qd3 {B47: Sicilian: Taimanov: 5 Nc3 Qc7 6 f4, 6 g3 and 6 Be2} (6. f4 {is more complex.} a6 7. a3 Bc5 8. Be3 d6 9. Qd3) (6. g3 a6 7. Bg2 Nf6 8. O-O d6 9. Nxc6 bxc6 10. Na4 Rb8 11. c4 c5 12. b3 Be7 13. Bb2 O-O 14. Qe1 Nd7 15. Rd1 Bb7 16. Qc3 Bf6 17. Qd2 Be7 18. Qc3 {1-0 (40) Carlsen,M (2835)-Rapport,R (2731) Wijk aan Zee 2019}) 6... a6 7. Nxc6 bxc6 8. Qg3 {White is slightly better.} d6 (8... Qxg3 $11 9. hxg3 d5) 9. Bd3 h5 10. h4 $146 ({Predecessor:} 10. Bg5 Nf6 11. O-O Be7 12. Kh1 h4 13. Qe3 Ng4 {½-½ (42) Vazquez,G (2436)-Gorovets,A (2517) chess.com INT 2018}) 10... Ne7 11. b3 e5 12. Bb2 Ng6 13. Qe3 (13. O-O-O $14) 13... Nf4 $1 $11 {[%cal Rf4g2]} 14. Bf1 $36 {[%mdl 2048] White is more active.} d5 15. exd5 cxd5 {[#] Hoping for ...d4.} 16. Nb5 $1 {[%mdl 512]} Qxc2 ({Don't play} 16... axb5 17. Bxe5 Qe7 18. Bxb5+ (18. Bxf4 Qxe3+ 19. Bxe3 Bb4+ 20. Bd2 Bxd2+ 21. Kxd2 Bd7 $16) (18. Qxf4 f6 $17) 18... Bd7 19. Bxd7+ Kxd7 20. Bxf4 $16) (16... Bb4+ $11 {remains equal.} 17. Kd1 (17. c3 axb5 18. cxb4 f6 $11) 17... Qe7) 17. Bxe5 $16 Bb4+ 18. Bc3+ {[%mdl 64] Discovered Attack} Kd8 $2 {[%mdl 8192]} (18... Kd7 $16 19. Rc1 (19. Bxb4 $2 Re8 $19) 19... Bxc3+ 20. Nxc3 Qf5) 19. Qb6+ $18 {White is clearly winning.} ({Avoid the trap} 19. Bxb4 $2 Re8 $19) 19... Kd7 20. Qc7+ {[%mdl 64] [#] Double Attack} Ke8 21. Bxb4 {[%csl Gb4][%cal Rc7e7][%mdl 64] Discovered Attack} Qe4+ 22. Kd1 {Threatening mate with Nd6+.} Bg4+ 23. Kc1 {Accuracy: White = 55%, Black = 18%.} 1-0

[Event "Kragero Resort Chess A 2019"]
[Site "Kragero"]
[Date "2019.02.22"]
[Round "5.5"]
[White "Miedema, David"]
[Black "Holm, Kristian Stuvik"]
[Result "0-1"]
[WhiteElo "2356"]
[BlackElo "2456"]
[Annotator "ChessBase"]
[PlyCount "126"]
[EventDate "2019.02.20"]
[EventType "swiss"]
[EventCountry "NOR"]
[SourceTitle "playchess.com"]
[Source "ChessBase"]
[SourceQuality "1"]
[TimeControl "5400+30"]

1. e4 {[%emt 0:00:00]} e5 {[%emt 0:01:54]} 2. Nf3 {[%emt 0:00:00]} Nc6 {[%emt 0:00:07]} 3. Bb5 {[%emt 0:00:20]} a6 {[%emt 0:00:11]} 4. Ba4 {[%emt 0:00:03]} Nf6 {[%emt 0:00:05]} 5. O-O {[%emt 0:00:06]} Be7 {[%emt 0:00:20]} 6. Re1 {[%emt 0:00:05]} b5 {[%emt 0:00:08]} 7. Bb3 {[%emt 0:00:04]} d6 {[%emt 0:00:06]} 8. c3 {[%emt 0:00:03]} O-O {[%emt 0:00:08]} 9. h3 {[%emt 0:00:03]} Na5 {[%emt 0:00:40]} 10. Bc2 {[%emt 0:00:07]} c5 {[%emt 0:00:04]} 11. d4 {[%emt 0:00:11]} Nd7 {[%emt 0:00:06]} 12. a4 {[%emt 0:01:12]} Rb8 {[%emt 0:02:28]} 13. Nbd2 {[%emt 0:01:15]} exd4 {[%emt 0:00:23]} 14. cxd4 {[%emt 0:00:05]} Nc6 {[%emt 0:01:59]} 15. d5 {[%emt 0:00:19]} Nce5 {[%emt 0:00:05]} 16. Nxe5 {[%emt 0:04:45]} Nxe5 {[%emt 0:01:32]} 17. f4 {[%emt 0:00:08]} Ng6 {[%emt 0:00:04]} 18. Nf3 {[%emt 0:10:42]} Bh4 {[%emt 0:00:33]} 19. Nxh4 {[%emt 0:01:40]} Qxh4 {[%emt 0:00:16]} 20. Rf1 {[%emt 0:04:05]} f5 {[%emt 0:04:28]} 21. axb5 {[%emt 0:09:38]} axb5 {[%emt 0:00:18]} 22. e5 {[%emt 0:01:11]} Bb7 {[%emt 0:00:18]} 23. b4 {[%emt 0:11:51]} cxb4 {[%emt 0:12:25]} 24. exd6 {[%emt 0:11:10]} Qf6 {[%emt 0:04:27]} 25. Rb1 {[%emt 0:00:49]} Qxd6 {[%emt 0:02:12]} 26. Qd4 {[%emt 0:06:32]} Rf7 {[%emt 0:07:04]} 27. Bb3 {[%emt 0:03:14]} Rd8 {[%emt 0:07:21]} 28. Bb2 {[%emt 0:09:04]} Bxd5 {[%emt 0:05:43]} 29. Rbd1 {[%emt 0:00:21]} Rfd7 {[%emt 0:00:20]} 30. Qe3 {[%emt 0:02:14]} Qe7 {[%emt 0:01:12]} 31. Bxd5+ {[%emt 0:02:45]} Rxd5 {[%emt 0:00:13]} 32. Qb3 {[%emt 0:00:46]} Qf7 {[%emt 0:00:32]} 33. Rxd5 {[%emt 0:00:08]} Qxd5 {[%emt 0:00:57]} 34. Qxb4 {[%emt 0:00:38]} h6 {[%emt 0:00:42]} 35. Rf3 {[%emt 0:03:45]} Kh7 {[%emt 0:01:40]} 36. Kh2 {[%emt 0:03:15]} Qc4 {[%emt 0:01:58]} 37. Qxc4 {[%emt 0:01:53]} bxc4 {[%emt 0:00:03]} 38. Rf2 {[%emt 0:00:53]} Kg8 {[%emt 0:06:10]} 39. g4 {[%emt 0:01:52]} Kf7 {[%emt 0:04:16]} 40. Kg2 {[%emt 0:04:04]} Rd3 {[%emt 0:01:25]} 41. Be5 {[%emt 0:03:13]} fxg4 {[%emt 0:02:36]} 42. hxg4 {[%emt 0:00:21]} Nxe5 {[%emt 0:00:05]} 43. fxe5+ {[%emt 0:00:02]} Ke6 {[%emt 0:00:19]} 44. Rf4 {[%emt 0:00:34]} c3 {[%emt 0:00:31]} 45. Rc4 {[%emt 0:00:04]} Kxe5 {[%emt 0:00:11]} 46. Rc7 {[%emt 0:01:23]} g5 {[%emt 0:05:53]} 47. Kf2 {[%emt 0:00:08]} Kd4 {[%emt 0:00:39]} 48. Rc6 {[%emt 0:01:46]} Rd2+ {[%emt 0:00:45]} 49. Ke1 {[%emt 0:00:05]} Rh2 {[%emt 0:00:10]} 50. Kd1 {[%emt 0:00:07]} Kd3 {[%emt 0:03:07]} 51. Rd6+ {[%emt 0:00:03]} Ke4 {[%emt 0:00:31]} 52. Rf6 {[%emt 0:00:01]} Ke3 {[%emt 0:01:07]} 53. Kc1 {[%emt 0:00:17]} Ke4 {[%emt 0:05:01]} 54. Kd1 {[%emt 0:00:06]} Ke5 {[%emt 0:00:08]} 55. Rf5+ {[%emt 0:00:14]} Kd4 {[%emt 0:01:34]} 56. Rf6 {[%emt 0:00:05]} c2+ {[%emt 0:00:54]} 57. Kc1 {[%emt 0:00:02]} Ke5 {[%emt 0:03:51]} 58. Rf5+ {[%emt 0:00:04]} Ke4 {[%emt 0:00:00]} 59. Rf6 {[%emt 0:00:05]} Rg2 {[%emt 0:00:00]} 60. Kb2 {[%emt 0:01:56]} Rxg4 {[%emt 0:00:00]} 61. Rxh6 {[%emt 0:00:06]} Rg2 {[%emt 0:00:00]} 62. Rf6 {[%emt 0:00:06]} g4 {[%emt 0:00:00]} 63. Kc1 {[%emt 0:00:30]} Rh2 {[%emt 0:00:00]} 0-1

[Event "Kragero Resort Chess A 2019"]
[Site "Kragero"]
[Date "2019.02.22"]
[Round "5.6"]
[White "Sgircea, Silvia-Raluca"]
[Black "Kjartansson, Gudmundur"]
[Result "0-1"]
[WhiteElo "2251"]
[BlackElo "2403"]
[Annotator "NA"]
[PlyCount "92"]
[EventDate "2019.02.20"]
[EventType "swiss"]
[EventCountry "NOR"]
[SourceTitle "playchess.com"]
[Source "ChessBase"]
[SourceQuality "1"]
[TimeControl "5400+30"]

1. Nf3 {[%emt 0:00:00]} d5 {[%emt 0:00:53]} 2. g3 {[%emt 0:02:38]} Nf6 {[%emt 0:01:29]} 3. Bg2 {[%emt 0:00:06]} g6 {[%emt 0:01:36]} 4. c4 {[%emt 0:07:33]} Bg7 {[%emt 0:01:33]} 5. O-O {[%emt 0:01:58]} O-O {[%emt 0:00:06]} 6. Qc2 {[%emt 0:03:55]} d4 {[%emt 0:04:56]} 7. d3 {[%emt 0:04:58]} Nc6 {[%emt 0:02:34]} 8. a3 {[%emt 0:13:44]} a5 {[%emt 0:00:23]} 9. b3 {[%emt 0:00:11]} e5 {[%emt 0:00:35]} 10. Nbd2 {[%emt 0:01:28]} Re8 {[%emt 0:01:22]} 11. Rb1 {[%emt 0:00:36]} Bf8 {[%emt 0:01:13]} 12. Bb2 {[%emt 0:05:43]} Bc5 {[%emt 0:14:01]} 13. Ne1 {[%emt 0:05:28]} Qd6 {[%emt 0:03:05]} 14. Qc1 {[%emt 0:03:22]} Bg4 {[%emt 0:06:08]} 15. f3 {[%emt 0:03:25]} Bd7 {[%emt 0:00:24]} 16. Ne4 {[%emt 0:00:09]} Nxe4 {[%emt 0:00:31]} 17. fxe4 {[%emt 0:00:05]} Ra6 {[%emt 0:06:36]} 18. Nc2 {[%emt 0:01:52]} Rb6 {[%emt 0:00:25]} 19. Ba1 {[%emt 0:00:23]} Kg7 {[%emt 0:01:41]} 20. Rf2 {[%emt 0:02:02]} f6 {[%emt 0:02:10]} 21. Qf1 {[%emt 0:03:01]} Rf8 {[%emt 0:02:51]} 22. Qc1 {[%emt 0:00:51]} Rf7 {[%emt 0:05:18]} 23. Bf3 {[%emt 0:02:26]} Qe7 {[%emt 0:08:05]} 24. Bg2 {[%emt 0:01:19]} Rf8 {[%emt 0:00:22]} 25. Kh1 {[%emt 0:02:56]} Rf7 {[%emt 0:02:10]} 26. Rf1 {[%emt 0:00:58]} h5 {[%emt 0:02:02]} 27. Rf2 {[%emt 0:02:23]} Rf8 {[%emt 0:00:37]} 28. Rf1 {[%emt 0:01:20]} Rh8 {[%emt 0:02:11]} 29. Bf3 {[%emt 0:01:41]} Be6 {[%emt 0:05:39]} 30. Rf2 {[%emt 0:02:00]} g5 {[%emt 0:03:03]} 31. Kg1 {[%emt 0:07:39]} h4 {[%emt 0:01:17]} 32. gxh4 {[%emt 0:00:27]} Rxh4 {[%emt 0:00:17]} 33. Rg2 {[%emt 0:01:14]} Kh8 {[%emt 0:01:35]} 34. Rf2 {[%emt 0:02:56]} Bd7 {[%emt 0:07:28]} 35. Bg2 {[%emt 0:01:08]} Kg7 {[%emt 0:00:52]} 36. Qf1 {[%emt 0:01:14]} Rh6 {[%emt 0:00:47]} 37. a4 {[%emt 0:02:46]} Nd8 {[%emt 0:01:07]} 38. Rf3 {[%emt 0:02:00]} Ne6 {[%emt 0:01:18]} 39. e3 {[%emt 0:03:05]} dxe3 {[%emt 0:00:47]} 40. Nxe3 {[%emt 0:00:02]} Bxe3+ {[%emt 0:02:45]} 41. Rxe3 {[%emt 0:00:02]} c5 {[%emt 0:00:21]} 42. Bc3 {[%emt 0:00:28]} Ra6 {[%emt 0:00:36]} 43. Rf3 {[%emt 0:01:37]} Ra8 {[%emt 0:00:22]} 44. Bh3 {[%emt 0:01:06]} Nf4 {[%emt 0:01:06]} 45. Bxd7 {[%emt 0:00:09]} Qxd7 {[%emt 0:00:04]} 46. Bd2 {[%emt 0:00:09]} Qg4+ {[%emt 0:00:28]} 0-1

[Event "Kragero Resort Chess A 2019"]
[Site "Kragero"]
[Date "2019.02.22"]
[Round "5.7"]
[White "Nordquelle, Daniel"]
[Black "Getz, Nicolai"]
[Result "1/2-1/2"]
[WhiteElo "2235"]
[BlackElo "2398"]
[Annotator "NA"]
[PlyCount "60"]
[EventDate "2019.02.20"]
[EventType "swiss"]
[EventCountry "NOR"]
[SourceTitle "playchess.com"]
[Source "ChessBase"]
[SourceQuality "1"]
[TimeControl "5400+30"]

1. e4 {[%emt 0:00:00]} e5 {[%emt 0:00:00]} 2. Nf3 {[%emt 0:00:00]} Nc6 {[%emt 0:00:08]} 3. Bc4 {[%emt 0:00:00]} Bc5 {[%emt 0:00:00]} 4. O-O {[%emt 0:00:00]} Nf6 {[%emt 0:00:00]} 5. d3 {[%emt 0:00:00]} d6 {[%emt 0:00:40]} 6. a4 {[%emt 0:00:15]} a6 {[%emt 0:01:22]} 7. c3 {[%emt 0:00:57]} Ba7 {[%emt 0:00:15]} 8. Re1 {[%emt 0:00:16]} h6 {[%emt 0:03:15]} 9. Nbd2 {[%emt 0:00:13]} O-O {[%emt 0:00:43]} 10. Nf1 {[%emt 0:00:36]} Be6 {[%emt 0:00:49]} 11. Bb3 {[%emt 0:00:29]} Re8 {[%emt 0:01:46]} 12. Be3 {[%emt 0:01:49]} d5 {[%emt 0:01:26]} 13. Bxa7 {[%emt 0:12:18]} Rxa7 {[%emt 0:00:27]} 14. exd5 {[%emt 0:01:21]} Bxd5 {[%emt 0:00:06]} 15. Bxd5 {[%emt 0:00:13]} Nxd5 {[%emt 0:04:24]} 16. d4 {[%emt 0:04:25]} exd4 {[%emt 0:03:04]} 17. Rxe8+ {[%emt 0:00:55]} Qxe8 {[%emt 0:00:05]} 18. Nxd4 {[%emt 0:00:05]} Ra8 {[%emt 0:01:51]} 19. Qb3 {[%emt 0:04:53]} Nxd4 {[%emt 0:02:47]} 20. Qxd5 {[%emt 0:00:13]} Nc6 {[%emt 0:00:23]} 21. Ne3 {[%emt 0:02:18]} Rd8 {[%emt 0:00:47]} 22. Qb3 {[%emt 0:00:10]} b6 {[%emt 0:00:52]} 23. Rd1 {[%emt 0:00:26]} Rxd1+ {[%emt 0:11:57]} 24. Qxd1 {[%emt 0:00:10]} Nd8 {[%emt 0:00:12]} 25. a5 {[%emt 0:10:49]} Ne6 {[%emt 0:07:08]} 26. Qd3 {[%emt 0:06:21]} bxa5 {[%emt 0:03:39]} 27. Qxa6 {[%emt 0:00:58]} Qa4 {[%emt 0:00:09]} 28. g3 {[%emt 0:01:02]} Qa1+ {[%emt 0:06:39]} 29. Kg2 {[%emt 0:00:12]} Qxb2 {[%emt 0:00:19]} 30. Qxa5 {[%emt 0:00:15]} Qb7+ {[%emt 0:05:10]} 1/2-1/2

[Event "Kragero Resort Chess A 2019"]
[Site "Kragero"]
[Date "2019.02.22"]
[Round "5.8"]
[White "Malakhatko, Vadim"]
[Black "Gharibyan, Mamikon"]
[Result "1/2-1/2"]
[WhiteElo "2525"]
[BlackElo "2318"]
[Annotator "ChessBase"]
[PlyCount "130"]
[EventDate "2019.02.20"]
[EventType "swiss"]
[EventCountry "NOR"]
[SourceTitle "playchess.com"]
[Source "ChessBase"]
[SourceQuality "1"]
[TimeControl "5400+30"]

1. Nf3 {[%emt 0:00:00]} d5 {[%emt 0:00:00]} 2. c4 {[%emt 0:02:55]} e6 {[%emt 0:00:52]} 3. d4 {[%emt 0:00:32]} Nf6 {[%emt 0:01:58]} 4. Nc3 {[%emt 0:00:53]} Bb4 {[%emt 0:04:17]} 5. cxd5 {[%emt 0:00:11]} exd5 {[%emt 0:00:04]} 6. Bg5 {[%emt 0:00:06]} h6 {[%emt 0:00:40]} 7. Bh4 {[%emt 0:00:06]} O-O {[%emt 0:00:19]} 8. e3 {[%emt 0:00:16]} Bf5 {[%emt 0:00:36]} 9. Bd3 {[%emt 0:03:43]} Bxd3 {[%emt 0:00:27]} 10. Qxd3 {[%emt 0:00:05]} c6 {[%emt 0:01:42]} 11. O-O {[%emt 0:00:39]} Nbd7 {[%emt 0:00:28]} 12. Rab1 {[%emt 0:00:08]} a5 {[%emt 0:03:12]} 13. Rfc1 {[%emt 0:02:31]} Qe7 {[%emt 0:07:08]} 14. Na4 {[%emt 0:09:19]} Bd6 {[%emt 0:04:21]} 15. Qb3 {[%emt 0:04:55]} Rab8 {[%emt 0:10:52]} 16. Qc2 {[%emt 0:00:21]} Rfe8 {[%emt 0:07:09]} 17. a3 {[%emt 0:00:24]} Ra8 {[%emt 0:05:28]} 18. Qb3 {[%emt 0:10:21]} Rab8 {[%emt 0:02:25]} 19. Nb6 {[%emt 0:00:29]} g5 {[%emt 0:03:47]} 20. Nxd7 {[%emt 0:01:39]} Qxd7 {[%emt 0:00:46]} 21. Bg3 {[%emt 0:00:07]} Bxg3 {[%emt 0:01:46]} 22. hxg3 {[%emt 0:00:05]} Ne4 {[%emt 0:00:18]} 23. Qc2 {[%emt 0:00:19]} Ra8 {[%emt 0:05:19]} 24. Ne5 {[%emt 0:05:13]} Qe7 {[%emt 0:01:44]} 25. f3 {[%emt 0:13:48]} Nd6 {[%emt 0:03:03]} 26. Re1 {[%emt 0:01:18]} f6 {[%emt 0:02:26]} 27. Ng4 {[%emt 0:01:45]} Kg7 {[%emt 0:05:30]} 28. a4 {[%emt 0:06:14]} Rad8 {[%emt 0:05:16]} 29. b3 {[%emt 0:00:11]} Qe6 {[%emt 0:03:25]} 30. Nf2 {[%emt 0:03:03]} Re7 {[%emt 0:06:51]} 31. Qc3 {[%emt 0:04:13]} Rde8 {[%emt 0:01:32]} 32. e4 {[%emt 0:02:17]} Qf7 {[%emt 0:01:57]} 33. e5 {[%emt 0:00:33]} Nf5 {[%emt 0:00:51]} 34. Ng4 {[%emt 0:01:22]} fxe5 {[%emt 0:00:15]} 35. dxe5 {[%emt 0:00:20]} Re6 {[%emt 0:02:43]} 36. Nf6 {[%emt 0:03:51]} R8e7 {[%emt 0:01:21]} 37. f4 {[%emt 0:00:14]} h5 {[%emt 0:02:51]} 38. Qd3 {[%emt 0:05:39]} Qg6 {[%emt 0:00:13]} 39. Nxh5+ {[%emt 0:00:22]} Qxh5 {[%emt 0:00:03]} 40. Qxf5 {[%emt 0:00:07]} Qg6 {[%emt 0:01:08]} 41. Qg4 {[%emt 0:04:02]} gxf4 {[%emt 0:01:28]} 42. Qxg6+ {[%emt 0:00:05]} Rxg6 {[%emt 0:00:36]} 43. gxf4 {[%emt 0:00:05]} Rf7 {[%emt 0:00:47]} 44. Rf1 {[%emt 0:01:06]} Rf5 {[%emt 0:02:51]} 45. Rf3 {[%emt 0:00:26]} Kf7 {[%emt 0:00:28]} 46. b4 {[%emt 0:02:34]} Ke6 {[%emt 0:00:47]} 47. bxa5 {[%emt 0:00:08]} Rg7 {[%emt 0:00:23]} 48. Rb4 {[%emt 0:02:17]} Rf8 {[%emt 0:00:13]} 49. Rc3 {[%emt 0:03:43]} Rd8 {[%emt 0:01:13]} 50. a6 {[%emt 0:03:05]} d4 {[%emt 0:00:21]} 51. Rc1 {[%emt 0:00:04]} bxa6 {[%emt 0:00:38]} 52. Rxc6+ {[%emt 0:00:05]} Kf5 {[%emt 0:00:22]} 53. Rd6 {[%emt 0:03:39]} Rdg8 {[%emt 0:00:13]} 54. Rbxd4 {[%emt 0:00:35]} Rxg2+ {[%emt 0:00:07]} 55. Kf1 {[%emt 0:00:05]} Ra2 {[%emt 0:01:02]} 56. Rd8 {[%emt 0:03:14]} Rg3 {[%emt 0:00:56]} 57. Rf8+ {[%emt 0:00:08]} Ke6 {[%emt 0:00:04]} 58. Rf6+ {[%emt 0:01:23]} Ke7 {[%emt 0:00:03]} 59. Rfd6 {[%emt 0:00:27]} Rh3 {[%emt 0:00:40]} 60. Rd2 {[%emt 0:00:12]} Rxa4 {[%emt 0:01:13]} 61. f5 {[%emt 0:00:33]} Rf3+ {[%emt 0:00:17]} 62. Rf2 {[%emt 0:00:55]} Rxf2+ {[%emt 0:00:05]} 63. Kxf2 {[%emt 0:00:03]} Rf4+ {[%emt 0:00:07]} 64. Ke3 {[%emt 0:00:02]} Rxf5 {[%emt 0:00:05]} 65. Ke4 {[%emt 0:00:06]} Rf1 {[%emt 0:00:23]} 1/2-1/2

[Event "Kragero Resort Chess A 2019"]
[Site "Kragero"]
[Date "2019.02.22"]
[Round "5.9"]
[White "Stefansson, Vignir Vatnar"]
[Black "Urkedal, Frode Olav Olsen"]
[Result "0-1"]
[WhiteElo "2263"]
[BlackElo "2522"]
[Annotator "TA"]
[PlyCount "56"]
[EventDate "2019.02.20"]
[EventType "swiss"]
[EventCountry "NOR"]
[SourceTitle "playchess.com"]
[Source "ChessBase"]
[SourceQuality "1"]

{[%evp 19,56,18,20,3,37,14,31,-10,-18,-4,-11,-37,-42,-73,-52,-65,-58,-96,-79,-91,-97,-105,-102,-104,-90,-83,-53,-56,-53,-137,-135,-140,-145,-207,-134,-136,-138,-325,-316]} 1. d4 Nf6 2. c4 e6 3. Nf3 b6 4. g3 Ba6 5. b3 Bb4+ 6. Bd2 Be7 7. Bg2 d5 8. cxd5 exd5 9. O-O O-O 10. Nc3 Re8 11. Qc2 {E15: Queen's Indian: 4 g3 sidelines, 4 g3 Ba6 and 4 g3 Bb7 early deviations} (11. Rc1 Bb7 12. Bf4 c5 13. Ne5 Bf8 14. e3 Na6 15. h4 Nc7 16. g4 Ne6 17. Bg3 cxd4 18. exd4 Rc8 {½-½ (31) Fridman,D (2633)-Le,Q (2714) St Petersburg 2018}) 11... Nbd7 {[%cal Bb8d7,Bd7f8,Bf8e6][%mdl 32]} 12. Ne5 Bb7 13. Bf4 {White is slightly better.} Nf8 14. Rfd1 Ne6 15. Rac1 {[#]} c6 $146 ({Predecessor:} 15... Nxf4 16. gxf4 a6 17. e3 Ba3 18. Rb1 Bd6 19. b4 Qe7 {½-½ (33) Van der Sterren,P (2475)-Sosonko,G (2560) Wijk aan Zee 1984}) 16. Be3 Ba3 17. Rb1 Qe7 18. f4 Rac8 {And now ...c5 would win.} 19. Bf2 c5 20. Nb5 cxd4 21. Qf5 g6 22. Qh3 Ne4 23. Bxe4 $1 dxe4 24. Nxd4 {[#]} ({White should play} 24. Nxa3 $15 Qxa3 25. Bxd4 Nxd4 26. Rxd4) 24... e3 $1 $36 {[%mdl 2560] Black is in control.} 25. Bxe3 Be4 26. Nxe6 (26. Ra1 $17) 26... Qxe6 27. Qxe6 Rxe6 28. Nd3 $2 {[#]} (28. Ra1 $17 {was necessary.}) 28... Bxd3 $1 {Accuracy: White = 20%, Black = 84%.} 0-1